003040000a22001330004500050000800000060000800008082001600016100001700032100002000049245006600069260001800135260000900153300000800162 a010 a100 a630.954 COL aColin, Booth aJessica, Lamond aFlood Hazards: impact and responses for the built environment aNew York, CRC c2012 a371